Trường Sơn hùng tráng

Đã lưu trong:
書目詳細資料
格式: 圖書
語言:Undetermined
出版: Thành phố Hồ Chí Minh Hãng phim truyền hình thành phố Hồ Chí Minh 1999
主題:
標簽: 添加標簽
沒有標簽, 成為第一個標記此記錄!
Thư viện lưu trữ: Trung tâm Học liệu Trường Đại học Cần Thơ
LEADER 00818nam a2200205Ia 4500
001 CTU_138070
008 210402s9999 xx 000 0 und d
020 |c 40000 
082 |a 959.7043 
082 |b Tr561/CD.4 
245 0 |a Trường Sơn hùng tráng 
245 0 |c Hãng phim truyền hình thành phố Hồ Chí Minh ; Phạm Khắc chỉ đạo nghệ thuật 
260 |a Thành phố Hồ Chí Minh 
260 |b Hãng phim truyền hình thành phố Hồ Chí Minh 
260 |c 1999 
650 |a Vietnamese conflict, 1961-1975,War story,Memoirs,Xung đột Việt Nam, 1961-1975,Truyện chiến tranh,Ký ức 
650 |z vietnamese,Việt Nam 
904 |i Tuyến 
915 |a 900 
980 |a Trung tâm Học liệu Trường Đại học Cần Thơ